LEADER 02586nam2 2200481 i 450 001 CFI0116847 005 20231121125438.0 010 $a8831191292 020 $aIT$b90-1295 100 $a19990309d1989 ||||0itac50 ba 101 | $aita$alat$clat 102 $ait 181 1$6z01$ai $bxxxe 182 1$6z01$an 200 1 $a˜2: La œGenesi alla lettera$etesto latino dell'edizione maurina confrontato con il Corpus scriptorum ecclesiasticorum Latinorum$fsant'Agostino$gtraduzioni, note e indici di L. Carrozzi 210 $aRoma$cNuova biblioteca agostiniana$cCittà nuova$d©1989 215 $a898 p., \5! c. di tav.$cill.$d24 cm 300 $aNell'occhietto: Parte 1.: Libri, Opere esegetiche, volume 9.2. 462 1$1001UMC0977747$12001 $a˜9: La œGenesi$v2$1700 1$aAugustinus$b, Aurelius$c $3CFIV004595 500 10$aDe Genesi ad litteram$3UFI0017070$9CFIV004595$922048 700 1$aAugustinus$b, Aurelius$c $3CFIV004595$4070$0152280 702 1$aCarrozzi$b, Luigi$3CFIV018617 790 0$aAugustinus Aurelius$c $3BVEV021814$zAugustinus, Aurelius 790 0$aAgostino : d'Ippona$c $3CFIV013519$zAugustinus, Aurelius 790 1$aAgostino$b, Aurelio$c $3CFIV030601$zAugustinus, Aurelius 790 0$aAugustinus : von Hippo$c $3CFIV130059$zAugustinus, Aurelius 790 0$aAurelio Agostino$c $3CFIV137762$zAugustinus, Aurelius 790 0$aAgostino$c $3CFIV157151$zAugustinus, Aurelius 790 0$aAgostino$3CFIV211414$zAugustinus, Aurelius 790 0$aAugustinus : Hipponensis$c $3RMLV215613$zAugustinus, Aurelius 801 3$aIT$bIT-01$c19990309 850 $aIT-RM028 $aIT-RM0290 $aIT-RM0281 $aIT-FR0084 $aIT-RM0151 $aIT-FR0017 899 $aBiblioteca Universitaria Alessandrina$bRM028 899 $aBIBLIOTECA ANGELICA$bRM0290 899 $aBIBLIOTECA VALLICELLIANA$bRM0281 899 $aBiblioteca Del Monumento Nazionale Di Montecassino$bFR0084 899 $aBiblioteca Istituto Storico Italiano Medio Evo - I$bRM0151 899 $aBiblioteca umanistica Giorgio Aprea$bFR0017 $eN 912 $aCFI0116847 950 2$aBiblioteca umanistica Giorgio Aprea$d 52MAG 3 Coll A 9.2$e 52FSS0000067555 VMB RS $fA $h20200713$i20200713 977 $a 01$a 06$a 08$a 25$a 41$a 52 996 $aDe genesi ad litteram$922048 997 $aUNICAS